000 00671nam a2200229Ia 4500
005 20250508164728.0
008 008 250505s9999 xx 000 0 eng d
020 _a0-521-36266-0
037 _aTextual
040 _aFEDL
_beng
_cFEDL
041 _aeng
_2eng
084 _a370.152, NEW
_qFEDL
100 _aNewman Denis
_9461938
245 0 _aConstruction zone : Working for cognitive change in school
260 _aCambridge
_bCambridge University Press
_c1993
300 _axiv,169p.
365 _aGBP
_b12.95
546 _aMACESE
700 _a Griffin Peg Cole Michael
_9779001
942 _cTEXL
_h370.152, NEW
999 _c1390799
_d1390799